000 00491pab a2200169 454500
008 180718b2001 xxu||||| |||| 00| 0 eng d
100 _aEspos, Edna A.
245 _aInstitutions, regulation and performance: the case of Philippine telecommunications
260 _c2001
300 _ap.38-61.
362 _aJan-Oct
650 _aTelecommunications - Philippine
650 _aTelecommunications
773 _aPhilippine Journal of Public Administration
908 _aN
909 _a77640
999 _c77640
_d77640